000 00774nam a22002537a 4500
001 75273
003 UA-OsUOA
005 20201219144336.0
007 ta
008 20110517b un ||||| |||| 00| 0 ukr d
020 _a978-966-8620-10-2
040 _aUA-OsUOA
_bukr
_cUA-OsUOA
_dUA-OsUOA
041 _aukr
080 _a821.161.2
090 _a821.161.2
_bБ67
100 _aБілоус В.
245 _aРитми зраненого серця
_bпоезії (1956-1987 роки)
260 _aК.
_bСучасний письменник
_c2009
300 _a200 с.
650 7 _a82 Література. Літературознавство
_2UDC
942 _cBK
_2udc
955 _a3
999 _c361564
_d361564